| 000 | 00503nam a2200181 a 4500 | ||
|---|---|---|---|
| 005 | 20140311163001.0 | ||
| 008 | 020822s19uu xx 00 eng d | ||
| 020 | _a9814058815 | ||
| 050 |
_aTS 155 _b.H3725 2001 |
||
| 100 | _aHeizer, Jay | ||
| 245 |
_aOperations management / _cJay Heizer. |
||
| 260 |
_aSingapore : _bPearson Education, Asia Pte Ltd., _c2001. |
||
| 300 |
_a912 p. : _bill. ; _c25 cm. |
||
| 521 | _aBSBA | ||
| 650 | _aProduction management | ||
| 942 |
_cBK _2lcc _kFOR |
||
| 999 |
_c39198 _d39198 |
||